00476nam a2200133Ia 4500001001000000003000500010008004100015010001100056040000900067245010100076260006900177650004200246710005400288Para_6665CHAP220125s1920 xx 000 0 und d a205512 cCHAP aQuaterly Bulletin /c Michigan Agricultural College. Experiment Station Vol. 2 No. 3 (Feb. 1920) aLasing, Mich. :b Michigan Agricultural Experiment Station, 1920 aLegumbres x publicaciones periodicas aMichigan Agricultural College. Experiment Station